[Event "Karabakh 2005 B"]
[Site "Stepanakert ARM"]
[Date "2005.10.05"]
[Round "4.1"]
[White "Petrosian, Tigran L"]
[Black "Chibukhchian, Artur"]
[Result "1-0"]
[WhiteElo "2564"]
[BlackElo "2397"]
[PlyCount "165"]
[EventDate "2005.10.01"]
[EventType "tourn"]
[EventRounds "9"]
[EventCountry "ARM"]
[EventCategory "11"]
[Source "lmi"]
[SourceDate "2005.10.13"]

1. e4 c5 2. Nc3 e6 3. Nf3 a6 4. d4 cxd4 5. Nxd4 Qc7 6. Be2 Nf6 7. O-O Nc6 8.
Be3 Bb4 9. Na4 Be7 10. Nxc6 bxc6 11. Nb6 Rb8 12. Nxc8 Rxc8 13. Bxa6 Rb8 14. Bd3
Rxb2 15. a4 O-O 16. e5 Nd5 17. Bd4 Rbb8 18. c4 Nf4 19. Bc2 Bb4 20. g3 Ng6 21.
Qd3 Rfd8 22. Rad1 Qa5 23. Qe3 Be7 24. h4 Qb4 25. h5 Nf8 26. Qd3 h6 27. Bc3 Qc5
28. Qe4 f5 29. Qe2 d5 30. exd6 Bxd6 31. Bd4 Qa5 32. Qe3 f4 33. Qf3 Qg5 34. Kg2
Rb7 35. Ba1 Rf7 36. g4 Bc7 37. Rxd8 Bxd8 38. Rb1 Bf6 39. Bxf6 gxf6 40. Kf1 Rg7
41. Bd1 f5 42. Qxc6 fxg4 43. Rb8 Qf5 44. Qd6 g3 45. Bg4 Rxg4 46. Rxf8+ Qxf8 47.
Qxe6+ Kh8 48. Qxg4 Qa8 49. fxg3 Qh1+ 50. Kf2 Qh2+ 51. Kf3 fxg3 52. Qxg3 Qxh5+
53. Ke4 Qh1+ 54. Qf3 Qb1+ 55. Qd3 Qh1+ 56. Kf5 Qh5+ 57. Kf6 Qg5+ 58. Ke6 Qg8+
59. Kd7 Qf7+ 60. Kc8 Qe6+ 61. Kc7 Qe5+ 62. Qd6 Qa5+ 63. Kb7 Qxa4 64. Qxh6+ Kg8
65. Qg6+ Kh8 66. Qf6+ Kg8 67. Qd8+ Kh7 68. Qd3+ Kg8 69. Qd5+ Kh8 70. c5 Qb5+
71. Kc8 Qa6+ 72. Qb7 Qe6+ 73. Qd7 Qa6+ 74. Kb8 Qc4 75. c6 Qf4+ 76. c7 Qb4+ 77.
Kc8 Qc5 78. Qe6 Qf8+ 79. Kd7 Qf7+ 80. Kd6 Qf8+ 81. Qe7 Qh6+ 82. Kd7 Qd2+ 83.
Qd6 1-0

[Event "Karabakh 2005 B"]
[Site "Stepanakert ARM"]
[Date "2005.10.05"]
[Round "4.2"]
[White "L'Ami, Erwin"]
[Black "Tischbierek, Raj"]
[Result "1-0"]
[WhiteElo "2541"]
[BlackElo "2466"]
[PlyCount "69"]
[EventDate "2005.10.01"]
[EventType "tourn"]
[EventRounds "9"]
[EventCountry "ARM"]
[EventCategory "11"]
[Source "lmi"]
[SourceDate "2005.10.13"]

1. e4 c5 2. Nf3 Nc6 3. d4 cxd4 4. Nxd4 Nf6 5. Nc3 d6 6. Bg5 e6 7. Qd2 a6 8.
O-O-O Bd7 9. f3 Be7 10. h4 h6 11. Be3 h5 12. Bg5 Ne5 13. Kb1 b5 14. Re1 b4 15.
Nd1 Qb6 16. f4 Nc6 17. Nf3 O-O-O 18. Bd3 Ng4 19. Bxe7 Nxe7 20. Ne3 Nxe3 21.
Rxe3 Kb8 22. Rd1 Bc6 23. Ng5 Rhf8 24. Be2 d5 25. e5 d4 26. Rb3 a5 27. Bxh5 Ba4
28. Bxf7 Bxb3 29. axb3 Nd5 30. Nxe6 Rxf7 31. Nxd8 Rxf4 32. g3 Rg4 33. Qe2 Rxg3
34. Rxd4 Rg1+ 35. Ka2 1-0

[Event "Karabakh 2005 B"]
[Site "Stepanakert ARM"]
[Date "2005.10.05"]
[Round "4.3"]
[White "Lopez Martinez, Josep Manuel"]
[Black "Yegiazarian, Arsen"]
[Result "0-1"]
[WhiteElo "2505"]
[BlackElo "2537"]
[PlyCount "106"]
[EventDate "2005.10.01"]
[EventType "tourn"]
[EventRounds "9"]
[EventCountry "ARM"]
[EventCategory "11"]
[Source "lmi"]
[SourceDate "2005.10.13"]

1. e4 e5 2. Nf3 Nc6 3. Bb5 a6 4. Ba4 Nf6 5. O-O Be7 6. Re1 b5 7. Bb3 d6 8. c3
O-O 9. h3 Na5 10. Bc2 c5 11. d4 Qc7 12. d5 Nc4 13. b3 Nb6 14. a4 Ne8 15. a5 Nd7
16. Nbd2 g6 17. Nf1 Ng7 18. Bh6 Nf6 19. g4 Kh8 20. Ng3 Ng8 21. Be3 f5 22. exf5
gxf5 23. Bg5 fxg4 24. Qd3 Nf5 25. hxg4 c4 26. bxc4 bxc4 27. Qe4 Bxg5 28. gxf5
Bf4 29. Nh4 Bxg3 30. fxg3 Nf6 31. Qe3 Bb7 32. Re2 Bxd5 33. Rd1 Qa7 34. Qxa7
Rxa7 35. Kf2 Rb7 36. Ke3 Rg8 37. Kf2 Rb2 38. Rb1 Rxb1 39. Bxb1 Rb8 40. Bc2 Rb5
41. Ng2 Bxg2 42. Kxg2 Rxa5 43. Bb1 Kg7 44. Kh3 Nd5 45. Rd2 Nxc3 46. f6+ Kxf6
47. Bxh7 d5 48. Rf2+ Kg7 49. Bf5 Nd1 50. Re2 d4 51. Kh4 e4 52. g4 e3 53. Rh2
Kf6 0-1

[Event "Karabakh 2005 B"]
[Site "Stepanakert ARM"]
[Date "2005.10.05"]
[Round "4.4"]
[White "Lahno, Katerina"]
[Black "Galstian, Benik"]
[Result "0-1"]
[WhiteElo "2509"]
[BlackElo "2474"]
[PlyCount "106"]
[EventDate "2005.10.01"]
[EventType "tourn"]
[EventRounds "9"]
[EventCountry "ARM"]
[EventCategory "11"]
[Source "lmi"]
[SourceDate "2005.10.13"]

1. e4 e6 2. d4 d5 3. Nc3 Bb4 4. e5 Ne7 5. a3 Bxc3+ 6. bxc3 c5 7. Qg4 O-O 8. Bd3
Nbc6 9. Qh5 Ng6 10. Nf3 Qc7 11. Be3 c4 12. Bxg6 fxg6 13. Qg4 Qf7 14. Ng5 Qe8
15. h4 Bd7 16. Qe2 b5 17. g4 Qd8 18. h5 gxh5 19. Rxh5 h6 20. Nf3 Qa5 21. Bd2
Rf4 22. Kf1 Rxg4 23. Nh2 Rg6 24. Nf3 Rg4 25. Nh2 Re4 26. Qf3 Nxd4 27. Qg2 Kh7
28. Ng4 Rxg4 29. Qxg4 Nf5 30. Ke2 Qc7 31. Bf4 Rf8 32. Rg1 Be8 33. Rh3 d4 34.
cxd4 Nxd4+ 35. Kf1 Nf5 36. Kg2 Rg8 37. Kh2 Bf7 38. Qf3 Qc5 39. Rd1 Be8 40. Bg3
Bc6 41. Qg4 Rf8 42. Rg1 a5 43. f4 Qd5 44. Be1 Qe4 45. Rh5 Rg8 46. Bxa5 Qxc2+
47. Kh3 Qb3+ 48. Kh2 Qa2+ 49. Kh3 Qxa3+ 50. Kh2 Qxa5 51. Qg6+ Kh8 52. Rxf5 Qd2+
53. Kh3 Qd3+ 0-1

[Event "Karabakh 2005 B"]
[Site "Stepanakert ARM"]
[Date "2005.10.05"]
[Round "4.5"]
[White "Sveshnikov, Evgeny"]
[Black "Grigoriants, Sergey"]
[Result "0-1"]
[WhiteElo "2507"]
[BlackElo "2539"]
[PlyCount "156"]
[EventDate "2005.10.01"]
[EventType "tourn"]
[EventRounds "9"]
[EventCountry "ARM"]
[EventCategory "11"]
[Source "lmi"]
[SourceDate "2005.10.13"]

1. e4 c6 2. d4 d5 3. exd5 cxd5 4. c4 Nf6 5. Nc3 e6 6. Nf3 Bb4 7. cxd5 Nxd5 8.
Bd2 Nc6 9. Bd3 O-O 10. O-O Be7 11. Qe2 Nf6 12. Rfd1 Nb4 13. Bb1 b6 14. Bg5 Ba6
15. Qd2 Rc8 16. Bxf6 Bxf6 17. Be4 Bc4 18. Ne5 g6 19. Qf4 Bg7 20. Qf3 Qc7 21. a3
Nd5 22. Nxd5 exd5 23. Bxd5 Bxe5 24. dxe5 Qxe5 25. Qe4 Qxe4 26. Bxe4 Rfe8 27.
Bb7 Rcd8 28. b4 Rxd1+ 29. Rxd1 Re2 30. Ra1 Kg7 31. g3 Kf6 32. Bg2 Rb2 33. Bf1
Be6 34. Re1 Ra2 35. Re3 Ra1 36. Kg2 Bd5+ 37. f3 g5 38. g4 Rb1 39. Kf2 Rb2+ 40.
Kg3 Rb1 41. Ba6 Rc1 42. h4 h6 43. Be2 Rg1+ 44. Kf2 Rb1 45. hxg5+ hxg5 46. Kg3
Rc1 47. f4 Rg1+ 48. Kf2 gxf4 49. Rd3 Rg2+ 50. Kf1 Rxe2 51. Rxd5 Ra2 52. Rf5+
Kg6 53. Rxf4 Rxa3 54. Kf2 Ra4 55. g5 a5 56. Rf6+ Kxg5 57. Rxb6 Rxb4 58. Ra6 Ra4
59. Ke3 f5 60. Ra8 Ra3+ 61. Kd4 Kf4 62. Rh8 a4 63. Rh1 Rf3 64. Rg1 a3 65. Rg2
Rb3 66. Rf2+ Kg4 67. Rg2+ Kf3 68. Rh2 Kg3 69. Ra2 Rb4+ 70. Kd3 Ra4 71. Ke2 f4
72. Kf1 f3 73. Kg1 Rb4 74. Rg2+ Kf4 75. Rg8 a2 76. Ra8 Kg3 77. Rg8+ Kh4 78.
Rh8+ Kg5 0-1

[Event "Karabakh 2005 B"]
[Site "Stepanakert ARM"]
[Date "2005.10.06"]
[Round "5.1"]
[White "Grigoriants, Sergey"]
[Black "Petrosian, Tigran L"]
[Result "1/2-1/2"]
[WhiteElo "2539"]
[BlackElo "2564"]
[PlyCount "137"]
[EventDate "2005.10.01"]
[EventType "tourn"]
[EventRounds "9"]
[EventCountry "ARM"]
[EventCategory "11"]
[Source "lmi"]
[SourceDate "2005.10.13"]

1. e4 c5 2. Ne2 d6 3. g3 Nc6 4. Bg2 g6 5. c3 Bg7 6. d4 cxd4 7. cxd4 Bg4 8. f3
Bd7 9. Nbc3 Nf6 10. Be3 O-O 11. O-O b5 12. Qd2 Na5 13. b3 b4 14. Nd1 Bb5 15.
Nf2 Qb6 16. Nd3 Nc6 17. Rfd1 Nd7 18. d5 Nd4 19. Kh1 Bxd3 20. Nxd4 Bxd4 21. Bxd4
Qxd4 22. Qxd3 Qxd3 23. Rxd3 a5 24. Rd4 Rfb8 25. Kg1 Nc5 26. Rb1 a4 27. bxa4
Rxa4 28. Rb2 Rba8 29. Rdxb4 Rxb4 30. Rxb4 Rxa2 31. Rb1 Kg7 32. f4 Kf6 33. Rb6
Kg7 34. Rc6 Nd3 35. Bf1 Nf2 36. Bg2 Ng4 37. Rc1 Ne3 38. Bf3 Nc2 39. Rd1 Na3 40.
Re1 Nb5 41. Re2 Ra3 42. Bg2 h6 43. Rb2 Ra5 44. h4 Kf6 45. Kf2 g5 46. hxg5+ hxg5
47. Bf3 Nc3 48. Rb3 Ra2+ 49. Ke3 Na4 50. Rb7 Ra3+ 51. Kf2 g4 52. Bxg4 Nc5 53.
e5+ dxe5 54. Rb6+ Kg7 55. fxe5 Nd3+ 56. Kg2 Ra2+ 57. Kf1 Nxe5 58. Be2 Rd2 59.
Rb7 Kf6 60. Rb6+ Kg7 61. Rb7 Kf6 62. Rb6+ Kf5 63. Rb7 Ng6 64. Bh5 Ne5 65. Rxe7
Kf6 66. Ra7 Rxd5 67. Be2 Kf5 68. Ra4 f6 69. Rf4+ 1/2-1/2

[Event "Karabakh 2005 B"]
[Site "Stepanakert ARM"]
[Date "2005.10.06"]
[Round "5.2"]
[White "Galstian, Benik"]
[Black "Sveshnikov, Evgeny"]
[Result "0-1"]
[WhiteElo "2474"]
[BlackElo "2507"]
[PlyCount "106"]
[EventDate "2005.10.01"]
[EventType "tourn"]
[EventRounds "9"]
[EventCountry "ARM"]
[EventCategory "11"]
[Source "lmi"]
[SourceDate "2005.10.13"]

1. e4 c5 2. Nf3 Nc6 3. Bb5 e6 4. b3 Nge7 5. Bb2 a6 6. Bxc6 Nxc6 7. O-O b5 8. c4
bxc4 9. bxc4 Rb8 10. Bc3 d6 11. Na3 e5 12. Nc2 Be7 13. Ne3 O-O 14. d3 Qd7 15.
Rb1 Rxb1 16. Qxb1 Bd8 17. Nd5 f6 18. Qb2 Rf7 19. Rb1 Qa7 20. Qc2 Rb7 21. Rb3 a5
22. Qb1 Rxb3 23. axb3 Nb4 24. Nd2 Bd7 25. h3 Kf7 26. Kh2 Qa6 27. f3 h5 28. g3
Qa7 29. Kg2 Bc8 30. Nf1 f5 31. Nfe3 g6 32. exf5 gxf5 33. f4 Nc6 34. Qd1 Kg6 35.
g4 hxg4 36. hxg4 Qf7 37. Qf3 fxg4 38. Nxg4 Qe6 39. Nde3 exf4 40. Qxf4 Bg5 41.
Qe4+ Qxe4+ 42. dxe4 Nd4 43. e5 Bxg4 44. Nxg4 Kf5 45. Nf2 dxe5 46. Bxa5 e4 47.
Kf1 Nxb3 48. Bb6 Ke5 49. Ke2 Kd4 50. Ng4 Kxc4 51. Kd1 Nd4 52. Ba7 e3 53. Ne5+
Kc3 0-1

[Event "Karabakh 2005 B"]
[Site "Stepanakert ARM"]
[Date "2005.10.06"]
[Round "5.3"]
[White "Yegiazarian, Arsen"]
[Black "Lahno, Katerina"]
[Result "1-0"]
[WhiteElo "2537"]
[BlackElo "2509"]
[PlyCount "107"]
[EventDate "2005.10.01"]
[EventType "tourn"]
[EventRounds "9"]
[EventCountry "ARM"]
[EventCategory "11"]
[Source "lmi"]
[SourceDate "2005.10.13"]

1. e4 e5 2. Nf3 Nf6 3. Nxe5 d6 4. Nf3 Nxe4 5. Nc3 Nxc3 6. dxc3 Be7 7. Bf4 Nc6
8. Qd2 Bg4 9. Be2 Qd7 10. O-O-O O-O-O 11. h3 Be6 12. Rhe1 h6 13. Bb5 a6 14. Ba4
b5 15. Bb3 Bxb3 16. axb3 Bf6 17. c4 Rhe8 18. Rxe8 Qxe8 19. cxb5 axb5 20. Qd5
Nb8 21. Nd4 Bxd4 22. Qxd4 f6 23. Be3 Qc6 24. Qg4+ Qd7 25. Qf3 Re8 26. Rd3 Qc6
27. Qg3 g5 28. Qg4+ Nd7 29. Rc3 Qd5 30. b4 f5 31. Qh5 Qe6 32. Ra3 f4 33. Ra8+
Nb8 34. Ba7 Kb7 35. Qxe8 Qxe8 36. Rxb8+ Qxb8 37. Bxb8 Kxb8 38. Kd2 Kc8 39. Ke2
Kd7 40. Kf3 Ke6 41. Kg4 Kf6 42. Kh5 Kg7 43. f3 c5 44. bxc5 dxc5 45. h4 Kf6 46.
Kxh6 gxh4 47. Kh5 Ke5 48. Kxh4 Kd4 49. g4 fxg3 50. Kxg3 c4 51. Kf2 b4 52. Ke2
c3 53. b3 Ke5 54. Ke3 1-0

[Event "Karabakh 2005 B"]
[Site "Stepanakert ARM"]
[Date "2005.10.06"]
[Round "5.5"]
[White "Chibukhchian, Artur"]
[Black "L'Ami, Erwin"]
[Result "0-1"]
[WhiteElo "2397"]
[BlackElo "2541"]
[PlyCount "120"]
[EventDate "2005.10.01"]
[EventType "tourn"]
[EventRounds "9"]
[EventCountry "ARM"]
[EventCategory "11"]
[Source "lmi"]
[SourceDate "2005.10.13"]

1. d4 d5 2. c4 c6 3. Nf3 Nf6 4. Nc3 e6 5. cxd5 exd5 6. Bg5 Be7 7. e3 O-O 8. Qc2
Nbd7 9. Bd3 Re8 10. h3 Nf8 11. Nd2 Ne6 12. Bxf6 Bxf6 13. O-O g6 14. b4 Qd6 15.
Qb3 a5 16. b5 Rd8 17. bxc6 bxc6 18. Rab1 c5 19. Nxd5 Qxd5 20. Qxd5 Rxd5 21. Be4
Nc7 22. Rfc1 Be7 23. Bxd5 Nxd5 24. dxc5 Nb4 25. a3 Nc6 26. Rb6 Bd7 27. Ne4 Bd8
28. Rb2 Be6 29. Nd6 Bc7 30. Rb7 Bxd6 31. cxd6 Ne5 32. Rc5 Nd7 33. Rcc7 Rd8 34.
Ra7 Nb6 35. Rxa5 Rxd6 36. Ra6 Rd1+ 37. Kh2 Nd5 38. Rc2 Ra1 39. Rb2 h5 40. h4
Kg7 41. a4 Kf6 42. a5 Ra4 43. g3 Ke5 44. Kg2 Bf5 45. Rd2 Ra3 46. Ra7 Be4+ 47.
f3 Nxe3+ 48. Kg1 Bxf3 49. Rc7 Ng4 50. Rc5+ Ke6 51. Rdc2 Be4 52. R2c3 Ra1+ 53.
Rc1 Ra2 54. R1c3 Nh2 55. a6 Rg2+ 56. Kh1 Ng4 57. Rc6+ Ke7 58. Rc7+ Kf8 59. Rf3
Bxf3 60. Rxf7+ Kxf7 0-1

[Event "Karabakh 2005 B"]
[Site "Stepanakert ARM"]
[Date "2005.10.08"]
[Round "6.2"]
[White "Lopez Martinez, Josep Manuel"]
[Black "Chibukhchian, Artur"]
[Result "1-0"]
[WhiteElo "2505"]
[BlackElo "2397"]
[PlyCount "91"]
[EventDate "2005.10.01"]
[EventType "tourn"]
[EventRounds "9"]
[EventCountry "ARM"]
[EventCategory "11"]
[Source "lmi"]
[SourceDate "2005.10.13"]

1. e4 c5 2. Nf3 e6 3. d4 cxd4 4. Nxd4 a6 5. Bd3 Nf6 6. O-O Qc7 7. Qe2 d6 8. f4
g6 9. Nf3 Bg7 10. Kh1 O-O 11. Nc3 Nc6 12. Bd2 b5 13. a3 Bb7 14. Qe1 b4 15. axb4
Nxb4 16. Qh4 Nxd3 17. cxd3 Qd7 18. Be3 Rfe8 19. Bd4 Qd8 20. Qf2 e5 21. Bb6 Qd7
22. Qh4 Qg4 23. Qxg4 Nxg4 24. h3 Nf6 25. fxe5 dxe5 26. Nd2 Rac8 27. Rfd1 Nd7
28. Bg1 Nc5 29. Nc4 Re6 30. Nd5 Bf8 31. Na5 Bc6 32. Rac1 Bxd5 33. exd5 Ree8 34.
Nc6 Nd7 35. d4 e4 36. Bh2 f6 37. Rc3 e3 38. Re1 e2 39. Kg1 Kf7 40. Kf2 Nb6 41.
d6 Bxd6 42. Bxd6 Re6 43. Bc7 Na4 44. Nd8+ Rxd8 45. Bxd8 Nxb2 46. Kf3 1-0

[Event "Karabakh 2005 B"]
[Site "Stepanakert ARM"]
[Date "2005.10.08"]
[Round "6.3"]
[White "Lahno, Katerina"]
[Black "Tischbierek, Raj"]
[Result "1/2-1/2"]
[WhiteElo "2509"]
[BlackElo "2466"]
[PlyCount "59"]
[EventDate "2005.10.01"]
[EventType "tourn"]
[EventRounds "9"]
[EventCountry "ARM"]
[EventCategory "11"]
[Source "lmi"]
[SourceDate "2005.10.13"]

1. e4 e5 2. Nf3 d6 3. d4 exd4 4. Nxd4 Nf6 5. Nc3 Be7 6. Be2 O-O 7. O-O Re8 8.
f4 Bf8 9. Bf3 c5 10. Nde2 Nc6 11. h3 Bd7 12. Be3 b5 13. Ng3 Qb6 14. Nh5 Nxh5
15. Bxh5 Ne7 16. f5 Bc6 17. f6 Ng6 18. fxg7 Bxg7 19. Qxd6 Re5 20. Bxg6 hxg6 21.
Rad1 b4 22. Nd5 Bxd5 23. Rxd5 Qxd6 24. Rxd6 Rxe4 25. Bxc5 Rc4 26. Be3 Rxc2 27.
Rf2 Rxb2 28. Rxb2 Bxb2 29. Ra6 Rc8 30. Rxa7 1/2-1/2

[Event "Karabakh 2005 B"]
[Site "Stepanakert ARM"]
[Date "2005.10.08"]
[Round "6.5"]
[White "Grigoriants, Sergey"]
[Black "Galstian, Benik"]
[Result "0-1"]
[WhiteElo "2539"]
[BlackElo "2474"]
[PlyCount "106"]
[EventDate "2005.10.01"]
[EventType "tourn"]
[EventRounds "9"]
[EventCountry "ARM"]
[EventCategory "11"]
[Source "lmi"]
[SourceDate "2005.10.13"]

1. Nf3 Nf6 2. c4 c6 3. d4 d5 4. e3 Bg4 5. h3 Bxf3 6. Qxf3 e6 7. Nc3 Bd6 8. Bd2
O-O 9. g4 Nbd7 10. g5 Ne8 11. h4 f5 12. Bd3 Bc7 13. cxd5 cxd5 14. Nxd5 exd5 15.
Bxf5 Kh8 16. Qxd5 Ne5 17. Qxd8 Nf3+ 18. Ke2 Rxd8 19. Kxf3 g6 20. Rac1 gxf5 21.
Rc5 Rf7 22. Rhc1 Kg8 23. R5c4 Kg7 24. h5 Kg8 25. a4 Rdd7 26. Bb4 Rg7 27. Rg1
Nf6 28. Rc5 Nd5 29. Ba3 Kf7 30. Ke2 Ke6 31. h6 Rg8 32. Rcc1 Kf7 33. Kd3 Re8 34.
b3 Kg6 35. Rc4 Re6 36. Bc1 Rd8 37. Bd2 Bd6 38. Rcc1 Rde8 39. Rce1 Re4 40. Kc4
Nb6+ 41. Kd3 Rh4 42. a5 Nd5 43. Kc4 Nc7 44. Rg2 f4 45. Kd3 Rh3 46. Kc2 Nb5 47.
Kd3 a6 48. Rgg1 Bb8 49. Rh1 Rf3 50. Ref1 Ba7 51. Kc4 Nd6+ 52. Kd3 Nf5 53. Bc1
Nxd4 0-1

[Event "Karabakh 2005 B"]
[Site "Stepanakert ARM"]
[Date "2005.10.09"]
[Round "7.1"]
[White "Galstian, Benik"]
[Black "Petrosian, Tigran L"]
[Result "1/2-1/2"]
[WhiteElo "2474"]
[BlackElo "2564"]
[PlyCount "80"]
[EventDate "2005.10.01"]
[EventType "tourn"]
[EventRounds "9"]
[EventCountry "ARM"]
[EventCategory "11"]
[Source "lmi"]
[SourceDate "2005.10.13"]

1. c4 e6 2. Nc3 d5 3. d4 c5 4. cxd5 exd5 5. Nf3 Nc6 6. g3 Nf6 7. Bg2 Be7 8. O-O
O-O 9. Bg5 cxd4 10. Nxd4 h6 11. Be3 Re8 12. Rc1 Bf8 13. Na4 Bd7 14. Nc5 Nxd4
15. Qxd4 Bc6 16. Nd3 Bd6 17. Rc2 Bc7 18. Qh4 Rxe3 19. fxe3 Qe7 20. Kh1 Qxe3 21.
Rxf6 gxf6 22. Qxf6 Re8 23. Qf2 Qxf2 24. Nxf2 Kg7 25. Nd3 Bd6 26. Bf3 Kf6 27.
Kg2 Ke6 28. Kh3 Rg8 29. Nc5+ Ke5 30. Nd3+ Kd4 31. Nf2 f5 32. Nd1 f4 33. Rd2+
Ke5 34. g4 Bc5 35. Rc2 Bb6 36. Kg2 h5 37. h3 hxg4 38. hxg4 Bd7 39. Nf2 Bf5 40.
Rc3 Be4 1/2-1/2

[Event "Karabakh 2005 B"]
[Site "Stepanakert ARM"]
[Date "2005.10.09"]
[Round "7.2"]
[White "Yegiazarian, Arsen"]
[Black "Grigoriants, Sergey"]
[Result "1/2-1/2"]
[WhiteElo "2537"]
[BlackElo "2539"]
[PlyCount "31"]
[EventDate "2005.10.01"]
[EventType "tourn"]
[EventRounds "9"]
[EventCountry "ARM"]
[EventCategory "11"]
[Source "lmi"]
[SourceDate "2005.10.13"]

1. e4 c5 2. Nf3 d6 3. d4 cxd4 4. Nxd4 Nf6 5. Nc3 Nc6 6. Be2 e6 7. O-O Be7 8.
Be3 O-O 9. f4 e5 10. Nb3 exf4 11. Bxf4 Be6 12. Kh1 d5 13. e5 Nd7 14. Nxd5 Ndxe5
15. Nxe7+ Qxe7 16. Qd2 1/2-1/2

[Event "Karabakh 2005 B"]
[Site "Stepanakert ARM"]
[Date "2005.10.09"]
[Round "7.3"]
[White "Tischbierek, Raj"]
[Black "Sveshnikov, Evgeny"]
[Result "1-0"]
[WhiteElo "2466"]
[BlackElo "2507"]
[PlyCount "69"]
[EventDate "2005.10.01"]
[EventType "tourn"]
[EventRounds "9"]
[EventCountry "ARM"]
[EventCategory "11"]
[Source "lmi"]
[SourceDate "2005.10.13"]

1. g3 d5 2. Bg2 g6 3. Nf3 Bg7 4. O-O e5 5. d3 Ne7 6. e4 O-O 7. Nc3 d4 8. Ne2 c5
9. c3 Nbc6 10. cxd4 cxd4 11. Ne1 Be6 12. f4 f6 13. Nf3 Kh8 14. Bd2 Qd6 15. h4
a5 16. h5 gxh5 17. Nh4 Bg4 18. Bf3 f5 19. Kh2 fxe4 20. Bxe4 Nd5 21. f5 Nf6 22.
Qe1 Nxe4 23. dxe4 d3 24. Nc3 Nd4 25. Rc1 Bf6 26. Qe3 Be2 27. Ng6+ Kg8 28. Nxf8
Rxf8 29. Rf2 Bd8 30. Nd5 Nxf5 31. Rxf5 Rxf5 32. exf5 Qxd5 33. Rc8 Kf7 34. Qh6
Bf1 35. Qe6+ 1-0

[Event "Karabakh 2005 B"]
[Site "Stepanakert ARM"]
[Date "2005.10.09"]
[Round "7.4"]
[White "Chibukhchian, Artur"]
[Black "Lahno, Katerina"]
[Result "1-0"]
[WhiteElo "2397"]
[BlackElo "2509"]
[PlyCount "87"]
[EventDate "2005.10.01"]
[EventType "tourn"]
[EventRounds "9"]
[EventCountry "ARM"]
[EventCategory "11"]
[Source "lmi"]
[SourceDate "2005.10.13"]

1. d4 Nf6 2. c4 e6 3. a3 b6 4. Nc3 d5 5. Bg5 Be7 6. e3 Bb7 7. Nf3 Nbd7 8. Rc1
O-O 9. cxd5 exd5 10. Bd3 c5 11. O-O Ne4 12. Bxe7 Qxe7 13. Qa4 a6 14. dxc5 Ndxc5
15. Qd1 Rfd8 16. Nd4 Qg5 17. b4 Nd7 18. Qe2 Nd6 19. Rfd1 Re8 20. Na4 Nc4 21.
Nf3 Qe7 22. Bxc4 dxc4 23. Rxd7 Qxd7 24. Nxb6 Qg4 25. Nxa8 Bxa8 26. h3 Bxf3 27.
Qxf3 Qe6 28. Qg4 Rc8 29. Qxe6 fxe6 30. Kf1 e5 31. Ke2 Kf7 32. Rd1 Ke6 33. e4 a5
34. b5 a4 35. b6 c3 36. b7 Rb8 37. Rb1 c2 38. Rb6+ Kd7 39. Kd2 Kc7 40. Rb5 Rxb7
41. Rxb7+ Kxb7 42. Kxc2 Kc6 43. Kc3 Kc5 44. h4 1-0

[Event "Karabakh 2005 B"]
[Site "Stepanakert ARM"]
[Date "2005.10.09"]
[Round "7.5"]
[White "L'Ami, Erwin"]
[Black "Lopez Martinez, Josep Manuel"]
[Result "1-0"]
[WhiteElo "2541"]
[BlackElo "2505"]
[PlyCount "33"]
[EventDate "2005.10.01"]
[EventType "tourn"]
[EventRounds "9"]
[EventCountry "ARM"]
[EventCategory "11"]
[Source "lmi"]
[SourceDate "2005.10.13"]

1. e4 e6 2. d4 d5 3. Nc3 Bb4 4. e5 Ne7 5. a3 Bxc3+ 6. bxc3 c5 7. Qg4 O-O 8. Bd3
Nbc6 9. Qh5 Ng6 10. Nf3 Nce7 11. h4 Qc7 12. Bd2 f6 13. exf6 gxf6 14. Qh6 c4 15.
Bxg6 Nxg6 16. Rh3 Qf7 17. Rg3 1-0

[Event "Karabakh 2005 B"]
[Site "Stepanakert ARM"]
[Date "2005.10.10"]
[Round "8.3"]
[White "Sveshnikov, Evgeny"]
[Black "Chibukhchian, Artur"]
[Result "0-1"]
[WhiteElo "2507"]
[BlackElo "2397"]
[PlyCount "90"]
[EventDate "2005.10.01"]
[EventType "tourn"]
[EventRounds "9"]
[EventCountry "ARM"]
[EventCategory "11"]
[Source "lmi"]
[SourceDate "2005.10.13"]

1. e4 Nc6 2. Nf3 d6 3. d4 Nf6 4. Nc3 Bg4 5. Be3 e6 6. h3 Bh5 7. Bb5 a6 8. Bxc6+
bxc6 9. Qd3 Be7 10. O-O-O O-O 11. Bg5 d5 12. Bxf6 Bxf6 13. Qe3 Rb8 14. g4 Bg6
15. h4 c5 16. e5 cxd4 17. Nxd4 c5 18. Nc6 Qb6 19. Nxb8 Rxb8 20. Na4 Qb4 21. b3
Qa3+ 22. Kd2 Be7 23. Qc3 Be4 24. Rh3 d4 25. Qc4 Rb5 26. Ke1 Qxa2 27. Nc3 Qa5
28. Ke2 Bc6 29. Rxd4 cxd4 30. Qxc6 dxc3 31. Rxc3 Rxe5+ 32. Kf3 Qd5+ 33. Kf4 g5+
34. hxg5 Qxc6 35. Rxc6 Rc5 36. Rxa6 Bxg5+ 37. Ke4 Rxc2 38. f4 Be7 39. f5 exf5+
40. gxf5 Kg7 41. Rb6 h5 42. Ke5 Bf6+ 43. Kf4 Rf2+ 44. Ke4 h4 45. Rd6 h3 0-1

[Event "Karabakh 2005 B"]
[Site "Stepanakert ARM"]
[Date "2005.10.10"]
[Round "8.4"]
[White "Grigoriants, Sergey"]
[Black "Tischbierek, Raj"]
[Result "1-0"]
[WhiteElo "2539"]
[BlackElo "2466"]
[PlyCount "69"]
[EventDate "2005.10.01"]
[EventType "tourn"]
[EventRounds "9"]
[EventCountry "ARM"]
[EventCategory "11"]
[Source "lmi"]
[SourceDate "2005.10.13"]

1. e4 e5 2. Nf3 d6 3. d4 exd4 4. Nxd4 Nf6 5. Nc3 Be7 6. Be2 O-O 7. O-O Re8 8.
f4 Bf8 9. Bf3 c5 10. Nde2 Nc6 11. Kh1 Bg4 12. Ng3 Bxf3 13. Qxf3 Nd4 14. Qd1 b5
15. a3 Rb8 16. Be3 Nc6 17. Qf3 Qc8 18. Rfd1 Qe6 19. Bg1 Rb7 20. b3 Qc8 21. Rd2
b4 22. Nd5 Nxd5 23. exd5 Nb8 24. axb4 Rxb4 25. Rxa7 Re1 26. Re2 Rxe2 27. Nxe2
Qf5 28. c4 Qb1 29. Qg4 Qe4 30. Ng3 Qe8 31. Nh5 Kh8 32. Rc7 g6 33. Nf6 Qd8 34.
Rxf7 Bg7 35. Qh4 1-0

[Event "Karabakh 2005 B"]
[Site "Stepanakert ARM"]
[Date "2005.10.10"]
[Round "8.5"]
[White "Galstian, Benik"]
[Black "Yegiazarian, Arsen"]
[Result "1/2-1/2"]
[WhiteElo "2477"]
[BlackElo "2537"]
[PlyCount "67"]
[EventDate "2005.10.01"]
[EventType "tourn"]
[EventRounds "9"]
[EventCountry "ARM"]
[EventCategory "11"]
[Source "lmi"]
[SourceDate "2005.10.13"]

1. e4 c5 2. Nf3 e6 3. b3 a6 4. Bb2 Nc6 5. c4 Qc7 6. Be2 Nf6 7. Nc3 Nd4 8. d3
Nxf3+ 9. Bxf3 Bd6 10. d4 cxd4 11. Qxd4 Be5 12. Qd2 b5 13. cxb5 O-O 14. g3 axb5
15. O-O Qb8 16. b4 Bb7 17. Rfe1 Bc6 18. Bg2 Qb7 19. Re2 Ne8 20. f4 Bc7 21. Nb1
f5 22. Qd3 Bb6+ 23. Kh1 fxe4 24. Rxe4 Nd6 25. Nd2 Nxe4 26. Nxe4 Bd5 27. h4 Rac8
28. Kh2 Rc4 29. Nd6 Qc6 30. Nxc4 bxc4 31. Qc3 Rf7 32. Bf1 Bd8 33. Rc1 Bf6 34.
Qc2 1/2-1/2

[Event "Karabakh 2005 B"]
[Site "Stepanakert ARM"]
[Date "2005.10.11"]
[Round "9.5"]
[White "Lopez Martinez, Josep Manuel"]
[Black "Lahno, Katerina"]
[Result "1-0"]
[WhiteElo "2505"]
[BlackElo "2509"]
[PlyCount "91"]
[EventDate "2005.10.01"]
[EventType "tourn"]
[EventRounds "9"]
[EventCountry "ARM"]
[EventCategory "11"]
[Source "lmi"]
[SourceDate "2005.10.13"]

1. Nf3 Nf6 2. c4 e6 3. g3 d5 4. b3 Be7 5. Bg2 c5 6. O-O Nc6 7. cxd5 Nxd5 8. Bb2
Bf6 9. Bxf6 Qxf6 10. Nc3 Nxc3 11. dxc3 O-O 12. Qd2 Rd8 13. Qe3 Qe7 14. Ne5 Bd7
15. Nxc6 Bxc6 16. Bxc6 bxc6 17. Rad1 h6 18. Qe4 Qc7 19. Qa4 Qb6 20. c4 a5 21.
e3 Rac8 22. Kg2 Kf8 23. Kf3 Ke7 24. Qa3 f6 25. Qc1 Rxd1 26. Rxd1 Rd8 27. Rd2
Rxd2 28. Qxd2 Qb4 29. Qc2 Qe1 30. h4 Kf7 31. Qd3 Ke7 32. Kg2 f5 33. h5 Qc1 34.
e4 fxe4 35. Qxe4 Kd6 36. Qd3+ Ke7 37. Qf3 Qg5 38. Qxc6 Qxh5 39. Qc7+ Kf6 40.
Qxa5 Qe5 41. Qa8 Kg6 42. a4 Qb2 43. a5 e5 44. a6 Qe2 45. a7 e4 46. Qf8 1-0